Allah menurut aqidah Islam

Bibliographic Details
Main Author: بنا, حسن (Author)
Format: Book
Published: Singapura : Pustaka Nasional , 1982
Subjects:

MARC

LEADER 00000cam a2200000 7i4500
001 0000005798
005 20040407093000.0
008 021119s1982
020 |a 9971770636 
090 0 0 |a BP166.2   |b .B361 
100 0 |a بنا, حسن ,   |e author 
245 1 0 |a Allah menurut aqidah Islam   |c oleh Hasan al-Banna   |f alihbahasa, H. M. Asywadie Syukur 
260 2 |a Singapura :   |b Pustaka Nasional ,   |c 1982 
300 |a 46 p. ;   |c 21 cm. 
650 0 |a God (Islam) 
999 |a 1000006295   |b Book   |c OPEN SHELF (30 DAYS)   |e Gong Badak Campus 
999 |a 1000006296   |b Book   |c OPEN SHELF (30 DAYS)   |e Gong Badak Campus 
999 |a 1000060065   |b Book   |c OPEN SHELF (30 DAYS)   |e Gong Badak Campus